Bilecik Bilecik Bilecik Bilecik Bilecik

Türkiye ikinci uluslararası uzaktan eğitim sempozyumu = (Record no. 14302)

MARC details
000 -BAŞLIK
Sabit Uzunluktaki Kontrol Alanı 01141nam a22003257a 4500
001 - KONTROL NUMARASI
Control Dosyası 0014339
003 - KONTROL NUMARASI KİMLİĞİ
Kontrol Alanı KOHA_MİRAKIL
005 - EN SON İŞLEM TARİHİ ve ZAMANI
Kontrol Alanı 20260207001952.0
007 - FİZİKSEL TANIM SABİT ALAN - GENEL BİLGİ
Sabit uzunluklu kontrol alanı ta
008 - SABİT UZUNLUKTAKİ VERİ ÖGELERİ - GENEL BİLGİ
Sabit Alan 100301b1998 tu |||gro|||#1|||0|tur |
020 ## - ISBN - ULUSLARARASI STANDART KİTAP NUMARASI
Kullanılabilirlik koşulları 0,01
040 ## - KATALOGLAMA KAYNAĞI
Özgün Kataloglama Kurumu TR-BiSEU
Kataloglama Dili tur
Çeviri Kurumu TR-BiSEU
Açıklama Kuralları rda
041 0# - DİL KODU
Metin ya da ses kaydının dil kodu tur
044 ## - YAYINLAYAN/ÜRETEN KURULUŞUN ÜLKE KODU
ISO country code tu
050 ## - SINIFLAMA ve YER NUMARASI
Sınıflama Numarası LC5800
Yer Numarası .T87 1998
111 2# - TOPLANTI ADI
Toplantı Adı Türkiye Uluslararası Uzaktan Eğitim Sempozyumu (2. : 1998 : Ankara)
9 (RLIN) 33541
240 10 - TEK BİÇİM BAŞLIK
Tekbiçim Başlık <a href="Türkiye second distance education symposium, 4-8 Mayıs 1998, Ankara">Türkiye second distance education symposium, 4-8 Mayıs 1998, Ankara</a>
Language of a work Türkçe
245 1# - ESER ADI BİLDİRİMİ
Başlık Türkiye ikinci uluslararası uzaktan eğitim sempozyumu =
Alt Eseradı vb. Türkiye second distance education symposium, 4-8 Mayıs 1998, Ankara.
264 #1 - ÜRERİM, YAYIN, DAĞITIM ve TELİF BİLDİRİMİ
Yayın yeri Ankara :
Yayınlayan MEB Film Radyo Televizyonla Eğitim Başkanlığı
Yayın tarihi 1998
300 ## - FİZİKSEL TANIMLAMA
Sayfa, Cilt vb. 32 sayfa; 27 cm.
336 ## - İÇERİK TÜRÜ
Content type term metin
Content type code txt
Source rdacontent
337 ## - MEDYA TÜRÜ
Media type term aracısız
Media type code n
Source rdamedia
338 ## - TAŞIYICI TÜRÜ
Carrier type term cilt
Carrier type code nc
Source rdacarrier
650 #0 - KONU BAŞLIĞI EK GİRİŞ - KONU TERİMİ
Konusal terim veya coğrafi ad Distance education.
9 (RLIN) 30732
650 #0 - KONU BAŞLIĞI EK GİRİŞ - KONU TERİMİ
Konusal terim veya coğrafi ad Distance education--Turkey.
9 (RLIN) 33542
650 #0 - KONU BAŞLIĞI EK GİRİŞ - KONU TERİMİ
Konusal terim veya coğrafi ad Uzaktan eğitim.
9 (RLIN) 30733
650 #0 - KONU BAŞLIĞI EK GİRİŞ - KONU TERİMİ
Konusal terim veya coğrafi ad Uzaktan eğitim--Türkiye.
9 (RLIN) 33543
907 ## - LOCAL DATA ELEMENT G, LDG (RLIN)
a Sempozyum
942 ## - EK GİRİŞ ÖGELERİ (KOHA)
Source of classification or shelving scheme Library of Congress Classification
Koha item type Book
Holdings
Materyal Türü Kalıcı Konum Mevcut Konum Raf Yeri Sınıflandırma Kaynağı Edinim Bilgisi Ana Konular Alt Konular Yer Numarası Demirbaş Numarası Fatura Tarihi Geri Çekilme Durumu Kayıp Durumu Hasarlı Durumu Kredi için değil Kayıt Tarih Toplam Ödünçverme Son Görülme Tarihi Son Kontrol Tarihi Genel / Bağış Notu
Book Prof. Dr. Azmi Özcan Kütüphanesi Prof. Dr. Azmi Özcan Kütüphanesi Uluğbey Salonu Library of Congress Classification Bağış EĞİTİM Eğitimin Özel Yönleri LC5800 .T87 1998 0014339 13/08/2010         01/03/2010   05/12/2024 05/12/2024 Genel Bağış